[Event "Let's Play Chess!"]
[Site "http://www.queenalice.com/game.php?id=796142"]
[Date "2010.6.28"]
[Round "-"]
[White "countdooku"]
[Black "APSHOOTER"]
[Result "0-1"]
[WhiteElo "1836"]
[BlackElo "1704"]

1. e4 d5 2. exd5 Qxd5 3. Nc3 Qe5+ 4. Qe2 Nc6 5. Nf3 Qe6 6. d4 Qxe2+ 7. Bxe2 Bf5
8. Bd3 Bxd3 9. cxd3 O-O-O 10. Be3 a6 11. O-O e6 12. Rfe1 Bb4 13. a3 Bxc3 14.
bxc3 Nf6 15. Ng5 Rd7 16. Ne4 Ng4 17. Nc5 Nxe3 18. Nxd7 Nc2 19. Nc5 Nxa1 20. Rxa1
h5 21. Rb1 Na5 22. Ne4 Nc6 23. h3 f5 24. Ng5 e5 25. dxe5 Nxe5 26. d4 Nc4 27. a4
Re8 28. Nf3 Re2 29. Re1 Rc2 30. Re7 Rxc3 31. Ne5 Nxe5 32. dxe5 Rc1+ 33. Kh2 Re1
34. f4 Ra1 35. Rxg7 Rxa4 36. e6 Kd8 37. g3 Ra2+ 38. Kh1 b5 39. Rg5 Ke7 40. Rxf5
b4 41. Rc5 b3 42. Rxc7+ Kxe6 43. Rc6+ Kf5 44. Rc5+ Ke4 45. Rc1 b2 46. Re1+ Kf3
47. Rf1+ Kxg3 0-1

[Event "AUTO-ADV-1817"]
[Site "http://www.queenalice.com/game.php?id=797402"]
[Date "2010.7.1"]
[Round "1"]
[White "RandyShane"]
[Black "countdooku"]
[Result "0-1"]
[WhiteElo "1847"]
[BlackElo "1813"]

1. e4 e6 2. d4 d5 3. exd5 exd5 4. Bd3 Nf6 5. Bf4 Nc6 6. c3 Bd6 7. Ne2 Bxf4 8.
Nxf4 Bg4 9. f3 Be6 10. Qc2 Qe7 11. O-O O-O-O 12. Nd2 Qd6 13. Nxe6 fxe6 14. Rae1
g6 15. Nb3 Rde8 16. Re2 Nh5 17. Ref2 Nf4 18. Nc5 Nxd3 19. Nxd3 Rhf8 20. Qe2 e5
21. dxe5 Nxe5 22. Nxe5 Rxe5 23. Qd2 Rfe8 24. Qf4 Rf8 25. Qd2 Rfe8 26. g3 Qc5 27.
Qd4 Qxd4 28. cxd4 Re2 29. Rxe2 Rxe2 30. Rf2 Re3 31. Rd2 Rxf3 32. Kg2 Rf5 33. h4
b6 34. g4 Rf7 35. Kg3 Rd7 36. Kf4 c5 37. dxc5 bxc5 38. Ke5 d4 39. b4 c4 40. Rxd4
c3 0-1

[Event "AUTO-ADV-1817"]
[Site "http://www.queenalice.com/game.php?id=797403"]
[Date "2010.7.1"]
[Round "1"]
[White "countdooku"]
[Black "RandyShane"]
[Result "0-1"]
[WhiteElo "1788"]
[BlackElo "1827"]

1. e4 d6 2. d4 Nf6 3. Nc3 g6 4. f4 Bg7 5. Nf3 Nbd7 6. Bb5 O-O 7. O-O c6 8. Bd3
b5 9. e5 dxe5 10. fxe5 Nd5 11. Nxd5 cxd5 12. Bxb5 e6 13. Rb1 a5 14. Bg5 Qc7 15.
Bd3 Ba6 16. Bxa6 Rxa6 17. Qe2 Rc6 18. c3 f6 19. exf6 Bxf6 20. Bxf6 Nxf6 21. Ne5
Rb6 22. Qd2 Rbb8 23. Qg5 Ne4 24. Rxf8+ Rxf8 25. Qh6 Qg7 26. Qxg7+ Kxg7 27. b4
Rb8 28. Nc6 Rb6 29. Nxa5 Nxc3 30. Rb2 Kf6 31. a3 Nb5 32. Rf2+ Ke7 33. Rf3 Nxd4
34. Rd3 Nb5 35. Kf2 Kd6 36. Rh3 Nxa3 37. Rxa3 Rxb4 38. Rc3 Rb2+ 39. Kg3 h5 40.
Nc6 e5 41. Nd8 d4 42. Rd3 Rb5 43. Nf7+ Ke6 44. Ng5+ Ke7 45. Ne4 Ke6 46. h4 Rb8
47. Kh3 Rf8 48. Rf3 Rxf3+ 49. gxf3 Kf5 50. Kg3 d3 51. Nd2 g5 52. hxg5 Kxg5 53.
Kf2 Kf4 54. Kf1 Ke3 55. Nc4+ Kd4 56. Nd2 Kc3 57. Ne4+ Kc2 58. Ke1 h4 59. Kf1 d2
60. Nxd2 Kxd2 61. Kf2 h3 62. Kg3 Ke3 63. f4 h2 64. Kxh2 exf4 65. Kg2 Ke2 66. Kg1
f3 67. Kh2 f2 0-1

[Event "AUTO-ADV-1817"]
[Site "http://www.queenalice.com/game.php?id=797416"]
[Date "2010.7.1"]
[Round "1"]
[White "FoxInSox"]
[Black "countdooku"]
[Result "0-1"]
[WhiteElo "1647"]
[BlackElo "1807"]

1. d4 d5 2. e3 Nf6 3. Bd3 g6 4. Nf3 Bg7 5. c4 c6 6. Ne5 O-O 7. cxd5 cxd5 8. O-O
Nc6 9. Bb5 Bd7 10. Nc3 Bf5 11. Nxc6 bxc6 12. Bxc6 Rc8 13. Bb5 Ne4 14. f3 Nxc3
15. bxc3 Rxc3 16. Qd2 Rc2 17. Qe1 Qd6 18. Qa5 Qb6 19. Qb4 a6 20. Ba4 Qxb4 0-1

[Event "AUTO-ADV-1817"]
[Site "http://www.queenalice.com/game.php?id=797417"]
[Date "2010.7.1"]
[Round "1"]
[White "countdooku"]
[Black "FoxInSox"]
[Result "0-1"]
[WhiteElo "1838"]
[BlackElo "1605"]

1. e4 d5 2. exd5 Qxd5 3. Nc3 Qe6+ 4. Qe2 Qf5 5. Qe4 Nf6 6. Qxf5 Bxf5 7. d3 Nc6
8. Nf3 e5 9. Be2 Nd4 10. Nxe5 Nxc2+ 11. Kd1 Nxa1 12. Re1 Bd6 13. Bf3 O-O 14. Be4
Bxe4 15. Nxe4 Bxe5 16. Nc3 Bxh2 17. Be3 Ng4 18. Kd2 Be5 19. Rxa1 Rae8 20. Bc5
Bd6 21. Bd4 Rd8 22. f3 Bf4+ 23. Kc2 Rxd4 24. fxg4 Be5 25. Re1 Re8 26. Nb5 Rxg4
27. Nxc7 Rxg2+ 28. Kb3 Rxb2+ 29. Ka3 Bd6+ 30. Kxb2 Rxe1 0-1

[Event "AUTO-ADV-1817"]
[Site "http://www.queenalice.com/game.php?id=797426"]
[Date "2010.7.1"]
[Round "1"]
[White "countdooku"]
[Black "lk"]
[Result "1-0"]
[WhiteElo "1815"]
[BlackElo "1840"]

1. e4 c5 2. Nf3 Nc6 3. d4 d6 4. Bb5 Bd7 5. O-O e5 6. dxe5 Nxe5 7. Bxd7+ Qxd7 8.
Nxe5 dxe5 9. Qxd7+ Kxd7 10. Nc3 Nf6 11. Bg5 Be7 12. Bxf6 Bxf6 13. Nd5 Ke6 14.
Nc7+ Ke7 15. Nxa8 Rxa8 16. Rad1 Ke6 17. Rd5 Be7 18. Rfd1 b6 19. g3 g6 20. f4
exf4 21. gxf4 g5 22. f5+ Kf6 23. Rf1 h5 24. e5+ Kg7 25. f6+ 1-0

[Event "AUTO-ADV-1817"]
[Site "http://www.queenalice.com/game.php?id=797427"]
[Date "2010.7.1"]
[Round "1"]
[White "lk"]
[Black "countdooku"]
[Result "0-1"]
[WhiteElo "1840"]
[BlackElo "1821"]

1. d4 d5 2. c4 c6 3. Nc3 Nf6 4. Bg5 dxc4 5. e4 b5 6. Nf3 h6 7. Bf4 b4 8. Nb1
Nxe4 9. Bxc4 e6 10. O-O Bd6 11. Bxd6 Nxd6 12. Be2 O-O 13. Nbd2 Nd7 14. Ne5 Nxe5
15. dxe5 Nf5 16. Nc4 Qxd1 17. Raxd1 Ba6 18. Rfe1 Bxc4 19. Bxc4 c5 20. b3 Nd4 21.
f4 Rad8 22. Kf2 Rd7 23. Rd3 Rfd8 24. Red1 Kh7 25. g3 Kg6 26. R3d2 Kh7 27. Be2
Kg8 28. Bc4 a5 29. h3 Kf8 30. g4 g5 31. fxg5 hxg5 32. Kf1 Ke7 33. Rd3 Nf3 34.
Kf2 Nxe5 35. Rxd7+ Rxd7 36. Rxd7+ Kxd7 37. Bb5+ Nc6 38. Ke3 Kd6 39. Ke4 Nd4 40.
Bc4 f6 41. Ke3 f5 42. gxf5 exf5 43. Bf7 f4+ 44. Kf2 Ke5 45. Bg6 Nf5 46. Ke2 Kf6
47. Bh5 Ng3+ 0-1

[Event "AUTO-ADV-1824"]
[Site "http://www.queenalice.com/game.php?id=800063"]
[Date "2010.7.7"]
[Round "1"]
[White "ReidoBaralho"]
[Black "countdooku"]
[Result "0-1"]
[WhiteElo "1527"]
[BlackElo "1782"]

1. e4 e6 2. Qh5 Nf6 3. Qf3 Nc6 4. c3 d5 5. d3 dxe4 6. dxe4 Be7 7. Qg3 O-O 8. Bh6
g6 9. Bxf8 Bxf8 10. e5 Ne4 11. Qe3 Ng5 12. Bd3 f5 13. Nf3 Nf7 14. O-O Ncxe5 15.
Nxe5 Nxe5 16. Qxe5 Qxd3 17. Na3 Bd6 18. Qf6 Bd7 19. Rad1 Rf8 20. Qg5 Qa6 21. Nc2
Bc6 22. Nd4 Bd5 23. b3 Qxa2 24. c4 Be4 25. Nxe6 Re8 26. Qf6 Rxe6 27. Qxe6+ Kf8
28. Qc8+ Kg7 29. Qd7+ Kh6 30. Ra1 Qxb3 31. Rxa7 Qxc4 32. Rxb7 Bxb7 33. g3 Ba6
34. Re1 Qd5 35. Qa4 Bb7 36. Qh4+ Kg7 37. Kf1 Qg2+ 38. Ke2 Ba6+ 39. Kd1 Qf3+ 40.
Re2 Qxe2+ 41. Kc1 Bd3 42. Qd4+ Kf7 43. Qc3 Be5 44. Qb3+ Kg7 45. f4 Qe1+ 46. Qd1
Qc3+ 47. Qc2 Qxc2# 0-1

[Event "AUTO-ADV-1824"]
[Site "http://www.queenalice.com/game.php?id=800064"]
[Date "2010.7.7"]
[Round "1"]
[White "countdooku"]
[Black "ReidoBaralho"]
[Result "0-1"]
[WhiteElo "1830"]
[BlackElo "1528"]

1. e4 e5 2. Nf3 d6 3. d4 c5 4. dxc5 Qa5+ 5. Nc3 Qxc5 6. Be2 Nc6 7. O-O Nf6 8.
Be3 Qa5 9. a3 Be7 10. b4 Qc7 11. Bd3 O-O 12. h3 h6 13. Bc4 a5 14. Nd5 Nxd5 15.
Bxd5 axb4 16. axb4 Rxa1 17. Qxa1 Nxb4 18. c4 Nc2 19. Qc3 Nxe3 20. Qxe3 b6 21.
Rb1 Qa7 22. Nd2 Bb7 23. Bxb7 Qxb7 24. Rxb6 Qa7 25. Rb5 Qa1+ 26. Kh2 Bg5 27. Qd3
Bf4+ 28. g3 Bxd2 29. Qxd2 Ra8 30. Kg2 Ra2 31. Qxd6 Qe1 32. Kf3 Qxf2+ 33. Kg4
Qe2+ 34. Kf5 Qh5# 0-1

[Event "AUTO-ADV-1824"]
[Site "http://www.queenalice.com/game.php?id=800079"]
[Date "2010.7.7"]
[Round "1"]
[White "Blutigeroo"]
[Black "countdooku"]
[Result "1-0"]
[WhiteElo "1947"]
[BlackElo "1818"]

1. f4 d5 2. Nf3 Nf6 3. e3 g6 4. Be2 Bg7 5. O-O O-O 6. c4 Nc6 7. cxd5 Nxd5 8. Nc3
Nxc3 9. bxc3 Re8 10. d4 Bf5 11. Nd2 a6 12. e4 Bd7 13. Bc4 Na5 14. Bd3 c5 15. Bb2
cxd4 16. cxd4 Qb6 17. Rb1 Bxd4+ 18. Kh1 Bxb2 19. Qc2 Nc6 20. Rxb2 Qd4 21. a3
Rec8 22. Qb1 Qc3 23. Rc1 Qg7 24. Rxb7 Rd8 25. e5 Na5 26. Rbc7 Bf5 27. Bxf5 gxf5
28. Qxf5 h6 29. Nf3 e6 30. Qe4 Nb3 31. Rg1 Qf8 32. g4 Qxa3 33. g5 hxg5 34. Nxg5
Nc5 35. Qh7+ Kf8 36. Qxf7# 1-0

[Event "AUTO-ADV-1824"]
[Site "http://www.queenalice.com/game.php?id=800080"]
[Date "2010.7.7"]
[Round "1"]
[White "countdooku"]
[Black "Blutigeroo"]
[Result "0-1"]
[WhiteElo "1832"]
[BlackElo "1889"]

1. e4 c5 2. Nf3 Nc6 3. d4 cxd4 4. Nxd4 e5 5. Nf3 Bc5 6. Nc3 Nf6 7. Be2 O-O 8.
O-O h6 9. Bc4 a6 10. Re1 b5 11. Bb3 Ng4 12. Be3 Nxe3 13. fxe3 d6 14. Nd5 Ra7 15.
Nh4 Qxh4 16. Qf3 f5 17. exf5 Kh8 18. f6 Bg4 19. fxg7+ Kxg7 20. Qxf8+ Kxf8 21.
Rf1+ Kg7 22. Nc3 Bxe3+ 23. Kh1 Bf4 0-1

[Event "AUTO-ADV-1824"]
[Site "http://www.queenalice.com/game.php?id=800091"]
[Date "2010.7.7"]
[Round "1"]
[White "countdooku"]
[Black "RedMosquito"]
[Result "1-0"]
[WhiteElo "1806"]
[BlackElo "1773"]

1. e4 e6 2. d4 Nf6 3. Nc3 d5 4. e5 Nfd7 5. f4 c5 6. Nf3 cxd4 7. Nxd4 Nc6 8. Be3
Bb4 9. Qg4 O-O 10. Bd3 Nxd4 11. Bxd4 Nc5 12. Bxc5 Bxc5 13. O-O-O Be3+ 14. Kb1 d4
15. Ne4 Bd7 16. Nf6+ Kh8 17. Nxh7 Re8 18. Qh5 Kg8 19. Ng5 g6 20. Qh7+ 1-0

[Event "AUTO-ADV-1824"]
[Site "http://www.queenalice.com/game.php?id=800092"]
[Date "2010.7.7"]
[Round "1"]
[White "RedMosquito"]
[Black "countdooku"]
[Result "1-0"]
[WhiteElo "1799"]
[BlackElo "1798"]

1. e4 e6 2. Nf3 d5 3. exd5 exd5 4. d4 Nf6 5. Bd3 Nc6 6. O-O Be7 7. Re1 O-O 8.
Be3 Bg4 9. c3 Re8 10. h3 Bxf3 11. Qxf3 Na5 12. Nd2 Bd6 13. b4 Nc6 14. Nb3 Ne4
15. Nc5 Nxc5 16. bxc5 Be7 17. Qh5 g6 18. Qf3 Bf6 19. Rab1 Rb8 20. Bb5 a6 21.
Bxc6 bxc6 22. Rxb8 Qxb8 23. Qxf6 Qd8 24. Qxd8 Rxd8 25. Rb1 Kg7 26. Rb7 Rd7 27.
Kf1 f5 28. Bf4 Re7 29. Be5+ Kg8 30. Ke2 a5 31. Kd2 h6 32. Kc2 Kf7 33. Kb3 Re8
34. Rxc7+ Re7 35. Rxc6 Rb7+ 36. Rb6 a4+ 37. Kxa4 Ra7+ 38. Kb3 Ra8 39. a4 Ra7 40.
c6 Ra8 41. c7 Rc8 42. Rb8 1-0

[Event "Let's Play Chess!"]
[Site "http://www.queenalice.com/game.php?id=802433"]
[Date "2010.7.12"]
[Round "-"]
[White "constantin"]
[Black "countdooku"]
[Result "1-0"]
[WhiteElo "1788"]
[BlackElo "1798"]

1. e4 e6 2. f4 Nf6 3. d3 g6 4. Be2 Bg7 5. Nh3 O-O 6. Be3 Nc6 7. a3 d6 8. Nc3 d5
9. e5 Nd7 10. d4 f6 11. Qd2 fxe5 12. fxe5 Ndxe5 13. dxe5 d4 14. Bg5 Qd7 15.
O-O-O dxc3 16. Qxd7 cxb2+ 17. Kxb2 Bxd7 18. Rxd7 Bxe5+ 19. Kb1 Nd4 20. Bc4 Bf6
21. Bxf6 Rxf6 22. Rxd4 Raf8 23. Ng5 Rf2 24. Nxe6 R8f5 25. Ng5+ Kg7 26. Rd7+ Kf6
27. Ne4+ Ke5 28. Ng3 Rf6 29. Rxc7 Rb6+ 30. Bb3 Kd4 31. Rd1+ Ke3 32. Re7+ Kf4 33.
Rd4+ Kg5 34. Ne4+ Kf5 35. Nxf2 1-0

[Event "Let's Play Chess!"]
[Site "http://www.queenalice.com/game.php?id=803809"]
[Date "2010.7.15"]
[Round "-"]
[White "countdooku"]
[Black "jamsession"]
[Result "0-1"]
[WhiteElo "1782"]
[BlackElo "1841"]

1. e4 c5 2. Nf3 a6 3. Nc3 d6 4. d4 cxd4 5. Nxd4 g6 6. Be2 Bg7 7. O-O Bd7 8. Be3
Nc6 9. Re1 b5 10. Bf3 Rc8 11. Nxc6 Bxc6 12. Bd4 f6 13. Nd5 Bxd5 14. exd5 Nh6 15.
Qe2 Nf5 16. Bc3 h5 17. Be4 Qd7 18. Bxf5 gxf5 19. Bb4 Kf7 20. Bc3 h4 21. Qe6+
Qxe6 22. Rxe6 Bh6 23. Rae1 Rc7 24. R1e4 fxe4 25. Rxe4 Bg7 26. Rg4 e5 27. dxe6+
Kxe6 28. Rg6 Kf5 29. Rxg7 Rxg7 0-1

[Event "Let's Play Chess!"]
[Site "http://www.queenalice.com/game.php?id=803810"]
[Date "2010.7.15"]
[Round "-"]
[White "rocha"]
[Black "countdooku"]
[Result "0-1"]
[WhiteElo "1679"]
[BlackElo "1802"]

1. e4 e5 2. a3 Nf6 3. f3 Nc6 4. c3 d5 5. d3 dxe4 6. dxe4 Be7 7. Nd2 O-O 8. Bd3
Qxd3 9. Qe2 Qxe2+ 10. Nxe2 Be6 11. O-O Bc5+ 12. Kh1 Rad8 13. b4 Bb6 14. g4 Rd3
15. h3 Be3 16. Nb1 Bxc1 17. Nxc1 Rd6 18. Re1 Rfd8 19. Kg2 Rd1 20. Rxd1 Rxd1 21.
Ne2 Bc4 22. Kf2 Bd3 23. g5 Nh5 24. Ng3 Nxg3 25. Kxg3 Rxb1 26. Ra2 Rg1+ 27. Kh4
Ne7 28. Rd2 Ng6+ 29. Kh5 Nf4+ 30. Kh4 Rg2 31. Rxg2 Nxg2+ 32. Kg4 f6 33. Kg3 Nf4
34. h4 fxg5 35. hxg5 Ne2+ 36. Kh4 Nxc3 0-1

[Event "Republic of Pise"]
[Site "http://www.queenalice.com/game.php?id=804193"]
[Date "2010.7.16"]
[Round "-"]
[White "countdooku"]
[Black "uracile"]
[Result "0-1"]
[WhiteElo "1813"]
[BlackElo "1843"]

1. e4 e5 2. Nf3 Nc6 3. Bb5 Nd4 4. Nxd4 exd4 5. O-O c6 6. Bc4 Bd6 7. Qg4 Be5 8.
Bxf7+ Kxf7 9. Qf5+ Bf6 10. d3 d5 11. Qf3 Qe7 12. Re1 dxe4 13. Rxe4 Qd6 14. Bf4
Qd8 15. Bg5 h5 16. h3 c5 17. Nd2 b5 18. Rae1 Bb7 19. Bxf6 gxf6 20. Re7+ Nxe7 21.
Qxb7 Re8 22. Ne4 Kg6 23. Nxf6 Kxf6 24. Qf3+ Nf5 25. Qc6+ Nd6 26. Qf3+ Kg6 27.
Qg3+ Kh7 28. Rxe8 Nxe8 29. Qe5 Ng7 30. Qe4+ Kh8 31. Qg6 Qg8 32. Qh6+ Qh7 33. Qf6
Re8 34. Qc6 c4 35. dxc4 Qxc2 36. Qxb5 Qc1+ 37. Kh2 Qf4+ 38. g3 Qxf2+ 39. Kh1
Re1# 0-1

[Event "Let's Play Chess!"]
[Site "http://www.queenalice.com/game.php?id=804272"]
[Date "2010.7.16"]
[Round "-"]
[White "countdooku"]
[Black "spawnwolfwolverine"]
[Result "1-0"]
[WhiteElo "1774"]
[BlackElo "1564"]

1. e4 e5 2. Nf3 d6 3. d4 exd4 4. Nxd4 Bd7 5. Bc4 Nc6 6. O-O Nxd4 7. Qxd4 Nf6 8.
Nc3 Be7 9. Re1 O-O 10. Bg5 b6 11. Nd5 Nxd5 12. Bxe7 Qxe7 13. exd5 Qf6 14. Qxf6
gxf6 15. Re7 Bf5 16. Rxc7 Bxc2 17. Re1 f5 18. Ree7 a5 19. Be2 Be4 20. Bf3 Bxf3
21. gxf3 b5 22. Rcd7 Ra6 23. Rc7 b4 24. Rc6 Rxc6 25. dxc6 a4 26. c7 f6 27. Rd7
b3 28. a3 h5 29. Rd8 Rxd8 30. cxd8=Q+ Kf7 31. Qxd6 h4 32. Qf4 h3 33. Qxf5 Ke7
34. Qxh3 f5 35. Qxf5 Kd6 36. h4 Kc6 37. h5 Kb6 38. h6 Kc6 39. h7 Kd6 40. h8=Q
Kc6 41. Qh6+ Kc7 42. Qf7+ Kd8 43. Qh8# 1-0

[Event "UFRJ & Friends"]
[Site "http://www.queenalice.com/game.php?id=834305"]
[Date "2010.9.17"]
[Round "3"]
[White "vigusmao"]
[Black "countdooku"]
[Result "1-0"]
[WhiteElo "2089"]
[BlackElo "1768"]

1. e4 e6 2. d4 d5 3. Nc3 Bb4 4. e5 c5 5. Qg4 Kf8 6. Nf3 Nc6 7. Be3 Qb6 8. dxc5
Bxc5 9. Na4 Qb4+ 10. Qxb4 Bxb4+ 11. c3 Ba5 12. Nc5 Nge7 13. Bb5 Nf5 14. Bxc6
bxc6 15. Bd4 Nxd4 16. Nxd4 Bb6 17. Ndb3 f6 18. f4 fxe5 19. fxe5 Ke7 20. Rf1 Bc7
21. Nd3 Ba6 22. Nbc5 Bxd3 23. Nxd3 Rhf8 24. Ke2 Rab8 25. b3 a5 26. Rf3 Rxf3 27.
gxf3 Rf8 28. f4 Rf5 29. Rg1 Kf8 30. c4 Bb6 31. c5 Ba7 32. a3 Rh5 33. Rg2 Rh3 34.
b4 axb4 35. axb4 Bb8 36. b5 cxb5 37. Kd2 Ba7 38. c6 Bb8 39. Nc5 Bc7 40. Nxe6+
Kg8 41. Nxc7 b4 42. Nxd5 b3 43. c7 1-0

[Event "AUTO-ADV-1817"]
[Site "http://www.queenalice.com/game.php?id=850881"]
[Date "2010.10.26"]
[Round "2"]
[White "leoescudero"]
[Black "countdooku"]
[Result "1-0"]
[WhiteElo "2024"]
[BlackElo "1750"]

1. e4 e6 2. d4 d5 3. e5 c5 4. c3 Qb6 5. Nf3 Nc6 6. Be2 Bd7 7. O-O Nge7 8. dxc5
Qxc5 9. Be3 Qa5 10. Bd4 Nf5 11. Nbd2 Ncxd4 12. cxd4 Bb4 13. Nb3 Qb6 14. Rc1 O-O
15. Nc5 Bxc5 16. Rxc5 Qxb2 17. Bd3 Rac8 18. Rxc8 Rxc8 19. Bxf5 Qxa2 20. Bb1 Qc4
21. Ng5 g6 22. h4 Bb5 23. Re1 a5 24. h5 b6 25. hxg6 hxg6 26. Qf3 Be8 27. Qh3 Kf8
28. Qh8+ Ke7 29. Qf6+ Kd7 30. Nxf7 Qxd4 31. Ng5 Kc7 32. Nxe6+ Kb8 33. Nxd4 1-0

[Event "AUTO-ADV-1817"]
[Site "http://www.queenalice.com/game.php?id=850882"]
[Date "2010.10.26"]
[Round "2"]
[White "countdooku"]
[Black "leoescudero"]
[Result "0-1"]
[WhiteElo "1739"]
[BlackElo "2042"]

1. e4 c5 2. Nc3 e6 3. Nf3 d5 4. exd5 exd5 5. d4 c4 6. Be2 Nf6 7. O-O Bb4 8. Bg5
Be7 9. Re1 O-O 10. Ne5 Nbd7 11. Nxd5 Nxd5 12. Bxe7 Nxe7 13. Nxc4 Nf6 14. Bf3 Nf5
15. c3 Be6 16. Ne5 Bd5 17. Bxd5 Qxd5 18. Qa4 b5 19. Qa5 h5 20. c4 bxc4 21. Qxd5
Nxd5 22. Nxc4 Rfe8 23. Ne5 f6 24. Nf3 Kf7 25. Rac1 Rac8 26. Rxc8 Rxc8 27. h3 Rc2
28. Ne5+ fxe5 29. dxe5 Rxb2 30. e6+ Ke7 31. Rc1 Rxa2 32. Rc5 Kxe6 33. Rc6+ Nd6
34. Rc1 a5 35. Re1+ Kd7 36. Re5 Rd2 37. Rxh5 a4 38. Rh4 a3 39. Ra4 a2 40. Ra7+
Nc7 41. Kf1 Rd1+ 42. Ke2 a1=Q 43. Rxa1 Rxa1 0-1

[Event "AUTO-ADV-1817"]
[Site "http://www.queenalice.com/game.php?id=850887"]
[Date "2010.10.26"]
[Round "2"]
[White "countdooku"]
[Black "RandyShane"]
[Result "0-1"]
[WhiteElo "1756"]
[BlackElo "2006"]

1. e4 d6 2. d4 Nf6 3. Nc3 g6 4. f4 Bg7 5. Nf3 O-O 6. Be2 c5 7. O-O cxd4 8. Nxd4
a6 9. f5 Nc6 10. Nxc6 bxc6 11. fxg6 fxg6 12. Bc4+ Kh8 13. Bg5 Qa5 14. Qe2 Qxg5
15. Qd3 c5 16. Nd5 Nxd5 17. Qxd5 Qxd5 18. Bxd5 Rb8 19. Rxf8+ Bxf8 20. Rf1 Bg7
21. b3 e6 22. Bc4 a5 23. Rf7 Rb7 24. Bxe6 Rxf7 25. Bxf7 Bd4+ 26. Kh1 Bb7 27. Bd5
Bxd5 28. exd5 Kg7 29. h3 Kf6 30. Kh2 Bc3 31. Kg3 Ke5 32. Kg4 h6 33. Kf3 Kxd5 34.
g4 Ke5 35. h4 d5 36. g5 hxg5 37. hxg5 Kd4 38. Kf4 Bd2+ 39. Kg4 Kc3 40. Kf3 Bxg5
41. Ke2 Kxc2 0-1

[Event "AUTO-ADV-1817"]
[Site "http://www.queenalice.com/game.php?id=850888"]
[Date "2010.10.26"]
[Round "2"]
[White "RandyShane"]
[Black "countdooku"]
[Result "1-0"]
[WhiteElo "1992"]
[BlackElo "1745"]

1. e4 e6 2. d4 d5 3. exd5 exd5 4. Bd3 Nf6 5. Nf3 h6 6. Bf4 Bd6 7. Bxd6 Qxd6 8.
Qe2+ Be6 9. O-O O-O 10. Ne5 Nc6 11. c3 a6 12. Nd2 Rfe8 13. f4 Nd7 14. f5 Ndxe5
15. dxe5 Nxe5 16. fxe6 Qxe6 17. Bf5 Qb6+ 18. Qf2 Nc6 19. Qxb6 cxb6 20. Rae1 Na5
21. b4 Nc6 22. a4 Rxe1 23. Rxe1 Rd8 24. Nb3 d4 25. Nxd4 g6 26. Nxc6 bxc6 27. Bg4
Rd3 28. Rc1 a5 29. Kf2 Rd2+ 30. Be2 Ra2 31. bxa5 bxa5 32. Ke3 Rxa4 33. c4 Rb4
34. Kd4 Rb7 35. Ra1 Ra7 36. Kc5 a4 37. Kxc6 a3 38. c5 Kg7 39. Kd6 Kf6 40. c6 Re7
41. Ra2 Re6+ 42. Kd7 Re7+ 43. Kd8 Ke6 44. Rxa3 Kd6 45. Rd3+ Ke6 46. Re3+ Kd6 47.
Rxe7 1-0

[Event "AUTO-ADV-1817"]
[Site "http://www.queenalice.com/game.php?id=850889"]
[Date "2010.10.26"]
[Round "2"]
[White "countdooku"]
[Black "Josecarlos"]
[Result "1/2-1/2"]
[WhiteElo "1735"]
[BlackElo "1946"]

1. e4 e5 2. Nf3 Nf6 3. Nxe5 Qe7 4. d4 d6 5. Nf3 Qxe4+ 6. Be2 h6 7. Nc3 Qe6 8.
O-O Be7 9. d5 Qd7 10. Bb5 c6 11. dxc6 bxc6 12. Ba4 Bb7 13. Re1 O-O 14. Qd2 Na6
15. b3 Nc5 16. Nd5 Rfe8 17. Bb2 Nxa4 18. Nxf6+ gxf6 19. bxa4 Kh7 20. Qd3+ Kg7
21. Re3 c5 22. Qc3 Qf5 23. Rae1 Qd7 24. Nd2 d5 25. Rg3+ Kf8 26. Rh3 Kg7 27. Rxe7
Qxe7 28. Re3 Qd6 29. Rg3+ Kf8 30. Rh3 d4 31. Qg3 Re1+ 32. Nf1 Qa6 33. Qd3 Qxd3
34. cxd3 Kg7 35. f3 a5 36. Kf2 Rae8 37. Ba3 R1e2+ 38. Kg3 Rxa2 39. Bxc5 Rxa4 40.
Nd2 Re3 41. Nc4 Ba6 42. Nxe3 dxe3 43. Bxe3 Bxd3 44. Rh4 Rxh4 45. Kxh4 Kg6 46.
Kg4 a4 47. Bd4 f5+ 48. Kf4 a3 49. Bc3 Bf1 50. g3 f6 51. Ke3 Kf7 52. f4 Ke6 53.
Kd2 Kd5 54. Bxf6 Ke4 55. Kc2 Bc4 56. Kb1 Kf3 57. Ka1 a2 58. Kb2 Kg2 59. Ka1 Kxh2
60. Bh4 h5 61. Kb2 Bd5 62. Ka1 Bc4 63. Kb2 1/2-1/2

[Event "AUTO-ADV-1817"]
[Site "http://www.queenalice.com/game.php?id=850890"]
[Date "2010.10.26"]
[Round "2"]
[White "Josecarlos"]
[Black "countdooku"]
[Result "1-0"]
[WhiteElo "1938"]
[BlackElo "1765"]

1. e4 e6 2. d4 d5 3. e5 c5 4. c4 cxd4 5. Qxd4 Nc6 6. Qf4 Nge7 7. Nf3 dxc4 8.
Bxc4 Nd5 9. Bxd5 exd5 10. a3 Be7 11. O-O O-O 12. Qg3 Re8 13. Bh6 g6 14. Nbd2 d4
15. Ne4 Bf5 16. Rfe1 Rc8 17. b4 a6 18. h4 Bxe4 19. Rxe4 d3 20. e6 Bd6 21. exf7+
Kxf7 22. Ng5+ Kg8 23. Rxe8+ Qxe8 24. Qxd3 Bf8 25. Qd5+ Kh8 26. Nf7+ Kg8 27. Nd6+
Kh8 28. Nxe8 Rxe8 29. Qf7 1-0